Le Mexique (Record no. 3528)

MARC details
000 -CABECERA
campo de control de longitud fija 00740nam a2200217 a 4500
001 - NÚMERO DE CONTROL
campo de control BRCA_3799
005 - FECHA Y HORA DE LA ÚLTIMA TRANSACCIÓN
campo de control 20190320204429.0
008 - DATOS DE LONGITUD FIJA--INFORMACIÓN GENERAL
campo de control de longitud fija 221109s1891----fr-a######---#000-0#fre-#
041 ## - CÓDIGO DE LENGUA
Código de lengua del texto/banda sonora o título independiente fre
044 ## - CÓDIGO DEL PAÍS DE LA ENTIDAD EDITORA/PRODUCTORA
Código MARC del país fr
050 #4 - SIGNATURA TOPOGRÁFICA DE LA BIBLIOTECA DEL CONGRESO
Número de clasificación F1208
Número de documento/Ítem .R68 1891
100 1# - ENTRADA PRINCIPAL--NOMBRE DE PERSONA
Nombre de persona Routier, Gaston.
9 (RLIN) 9903
245 10 - MENCIÓN DE TÍTULO
Título Le Mexique
Resto del título limites geographiques, Orographie, Hidrographie, L´ Agriculture, la Flore, la Fauna et les Mines L´ industrie et le Commerce
Mención de responsabilidad, etc. Gaston Routier ; avecune préface de Ignacio Altamirano.
260 ## - PUBLICACIÓN, DISTRIBUCIÓN, ETC.
Lugar de publicación, distribución, etc. París
Nombre del editor, distribuidor, etc. H. Le Soudier
Fecha de publicación, distribución, etc. 1891
300 ## - DESCRIPCIÓN FÍSICA
Extensión 110 p.
Otras características físicas il. , 1 mapa plegable
Dimensiones 20 cm.
500 ## - NOTA GENERAL
Nota general B159
651 #4 - PUNTO DE ACCESO ADICIONAL DE MATERIA--NOMBRE GEOGRÁFICO
Nombre geográfico México
Subdivisión de forma Descripción y viajes.
9 (RLIN) 9904
700 1# - PUNTO DE ACCESO ADICIONAL--NOMBRE DE PERSONA
Nombre de persona Altamirano, Ignacio.
9 (RLIN) 9905
902 ## - CATALOGADOR
Iniciales GFM
942 ## - ELEMENTOS DE PUNTO DE ACCESO ADICIONAL (KOHA)
Fuente del sistema de clasificación o colocación Library of Congress Classification
Tipo de ítem Koha Libros
Holdings
Estado de retiro Estado de pérdida Estado dañado No para préstamo Localización permanente Ubicación/localización actual Fecha de adquisición Número de inventario Total de préstamos Signatura topográfica completa Código de barras Fecha visto por última vez Precio válido a partir de Tipo de ítem Koha
El ejemplar forma parte de la colección y puede ser consultado según las políticas vigentes.       Biblioteca del Museo Franz Mayer (Rogerio Casas-Alatriste) Biblioteca del Museo Franz Mayer (Rogerio Casas-Alatriste) 22/11/2009 B159   F1208 .R68 1891 (B159) 3796 22/03/2019 22/03/2019 Libros